| 000 | 01189naa a22003137a 4500 | ||
|---|---|---|---|
| 001 | BR9212461 | ||
| 003 | BR-BrBNA | ||
| 005 | 20240918181644.0 | ||
| 007 | ta | ||
| 008 | 230509b bl.||||| |||| 00| 0 por d | ||
| 040 |
_aBR-BrBNA _bpor _cBiblioteca Nacional de Agricultura |
||
| 041 | _a(Pt) | ||
| 072 |
_aL74 _b5212 |
||
| 090 | _aL74 BR9212461 | ||
| 100 | 1 | _aGalhardo, M. | |
| 100 | 1 | _aCarvalho, L. | |
| 100 | 1 | _aHagiwara, M.K. | |
| 100 | 1 | _aSabino, M. | |
| 111 | 1 |
_a16. Congresso Mundial de Buiatria; 6. Congresso Latino Americano de Buiatria _cSalvador, BA (Brazil) _d13-17 Aug 1990 |
|
| 245 | 1 | _aIntoxicacao experimental de bezerros (Bos taurus, Linna S 17S8)por aflatoxina B1 | |
| 260 | 3 |
_aSalvador, BA (Brasil): _c1990. |
|
| 500 | _a16. Congresso Mundial de Buiatria; 6. Congresso Latino Americano de Buiatria Salvador, BA (Brasil): 1990. p. 672-678 (BR9212461-AM)L74 | ||
| 650 | _aBezerro | ||
| 650 | _aAflatoxina | ||
| 650 | _aIntoxicacao Animal | ||
| 773 | 0 |
_t16. Congresso Mundial de Buiatria; 6. Congresso Latino Americano de Buiatria _b _wL74 BR9212461 _gSalvador, BA (Brasil), 1990. p. 672-678 |
|
| 909 |
_a202404 _bLucia _c55 _dLucia Elande |
||
| 942 |
_cAM _2AGRIS |
||
| 999 |
_c326236 _d326236 |
||